006070000a220008500045001000030000002450054000303000051000845200341001357730045004761 aGonzález A, Juan Carlos10aíEspectadores al borde de un ataque de nervios! aVol.0, núm.22 (Julio, 2007), Páginas 14-15 a¿Qué pasa con la cartelera en Colombia? ¿Por qué el público parece condenado a ver lo que se exhibe en Hollywood y nada más? ¿Hay opciones distintas a lo que se muestra? ¿Es verdad que en las otras ciudades puede verse el mismo cine que en Bogotá? En vacaciones, la cartelera parece dejar al público con pocas opciones.0 tArcadia / Andrés Felipe Solano, Editor